000 01051nam2a2200229 4500
001 rc\2821919
005 20260315044450.0
035 _a(NLR Aleph) 006980316
090 _a13568975
_c13568975
100 _a20110622d1928 u y0rusy50 ca
101 0 _arus
102 _aRU
105 _ac z |||||
200 1 _aГиппократ. Везалий. Дженнер. Пастер. Н.И. Пирогов
_eПопулярный очерк
210 _d1928
215 _a64 с.
_cпортр.
461 0 _1001rc\2821918
_12001#$aВеликие борцы за оздоровление человечества$eВып. 1-$fд-р Г.Я. Брук$vВып. 1
_1700#1$aБрук$bГ.Я.$gГригорий Яковлевич$f1889-
_95524812
_aБрук, Г.Я. (1889-)
_cМосква
_d1928
_fд-р Г.Я. Брук
_nГос. мед. изд-во
_oВып. 1-
_tВеликие борцы за оздоровление человечества
_vВып. 1
801 0 _aRU
_bNLR
_gpsbo
801 1 _aRU
_bELAR
_2rusmarc
852 _aNLR
_j40/3358
942 _cUNSPEC
980 _aNB